<?xml version="1.0" encoding="UTF-8"?>
<record
    xmlns:xsi="http://www.w3.org/2001/XMLSchema-instance"
    xsi:schemaLocation="http://www.loc.gov/MARC21/slim http://www.loc.gov/standards/marcxml/schema/MARC21slim.xsd"
    xmlns="http://www.loc.gov/MARC21/slim">

  <leader>01612nkc a22002537a 4500</leader>
  <controlfield tag="001">85810</controlfield>
  <controlfield tag="005">20260417123815.0</controlfield>
  <controlfield tag="007">kh boc</controlfield>
  <controlfield tag="008">260416s1890    sp ||||| |||| |0| i|spa d</controlfield>
  <datafield tag="040" ind1=" " ind2=" ">
    <subfield code="a">M-RABA</subfield>
    <subfield code="b">spa</subfield>
    <subfield code="c">M-RABA</subfield>
  </datafield>
  <datafield tag="245" ind1="0" ind2="1">
    <subfield code="a">[Iglesia de Santa Mar&#xED;a la Real de Nieva</subfield>
    <subfield code="b">: vistas del claustro y detalles de capitel]</subfield>
    <subfield code="h">[Material gr&#xE1;fico]</subfield>
  </datafield>
  <datafield tag="260" ind1=" " ind2=" ">
    <subfield code="c">[ca. 1890]</subfield>
  </datafield>
  <datafield tag="300" ind1=" " ind2=" ">
    <subfield code="a">2 fotograf&#xED;as</subfield>
    <subfield code="b">: aristotipo</subfield>
    <subfield code="c">; imagen 22,5 x 15.5 cm </subfield>
    <subfield code="c">; soporte secundario 24 x 16,5 cm </subfield>
  </datafield>
  <datafield tag="500" ind1="0" ind2="0">
    <subfield code="a">Fotograf&#xED;as de la Iglesia de Santa Mar&#xED;a la Real de Nieva (Segovia) que muestran una vista de una de las fachadas del claustro y un detalle de un capitel con motivos animales (representaci&#xF3;n de dos leones).</subfield>
  </datafield>
  <datafield tag="500" ind1="0" ind2="0">
    <subfield code="a">Una de las im&#xE1;genes (la correspondiente a la vista del claustro) se encuentra coloreada a mano en ciertas zonas como el cielo y la vegetaci&#xF3;n de la mitad inferior.</subfield>
  </datafield>
  <datafield tag="500" ind1="0" ind2="0">
    <subfield code="a">Anotaciones manuscritas a tinta al verso del soporte secundario: Fot-652: "Sta. Mar&#xED;a de Nieva. Capitel del claustro"; Fot-653: "Sta. Mar&#xED;a de Nieva".</subfield>
  </datafield>
  <datafield tag="610" ind1="2" ind2="7">
    <subfield code="a">Convento de Santa Mar&#xED;a la Real de Nieva (</subfield>
    <subfield code="c">Segovia, Espa&#xF1;a)</subfield>
    <subfield code="9">15441</subfield>
  </datafield>
  <datafield tag="651" ind1=" " ind2="7">
    <subfield code="a">Segovia (Espa&#xF1;a)</subfield>
    <subfield code="9">75469</subfield>
  </datafield>
  <datafield tag="655" ind1=" " ind2="0">
    <subfield code="a">Fotograf&#xED;as de monumentos</subfield>
    <subfield code="9">111580</subfield>
  </datafield>
  <datafield tag="852" ind1=" " ind2=" ">
    <subfield code="j">Fot-652; Fot-653</subfield>
  </datafield>
  <datafield tag="856" ind1=" " ind2=" ">
    <subfield code="u">https://archivoybiblioteca.realacademiabellasartessanfernando.com/cgi-bin/koha/opac-retrieve-file.pl?id=0095d45e0bcc3b37837bca5412504127</subfield>
    <subfield code="y">Fot-652</subfield>
  </datafield>
  <datafield tag="856" ind1=" " ind2=" ">
    <subfield code="u">https://archivoybiblioteca.realacademiabellasartessanfernando.com/cgi-bin/koha/opac-retrieve-file.pl?id=240356044110fcc9f30dbd5725d6c338</subfield>
    <subfield code="y">Fot-653</subfield>
  </datafield>
  <datafield tag="942" ind1=" " ind2=" ">
    <subfield code="c">FOTOGRAF&#xCD;A</subfield>
    <subfield code="n">0</subfield>
  </datafield>
  <datafield tag="952" ind1=" " ind2=" ">
    <subfield code="0">0</subfield>
    <subfield code="1">0</subfield>
    <subfield code="2">ddc</subfield>
    <subfield code="4">0</subfield>
    <subfield code="7">0</subfield>
    <subfield code="8">FOTOGRAFIA</subfield>
    <subfield code="a">RABASF</subfield>
    <subfield code="b">RABASF</subfield>
    <subfield code="c">DP2</subfield>
    <subfield code="d">2026-04-16</subfield>
    <subfield code="l">0</subfield>
    <subfield code="o">Fot-652</subfield>
    <subfield code="p">1096923</subfield>
    <subfield code="r">2026-04-16 11:30:31</subfield>
    <subfield code="w">2026-04-16</subfield>
    <subfield code="y">FOTOGRAF&#xCD;A</subfield>
  </datafield>
  <datafield tag="952" ind1=" " ind2=" ">
    <subfield code="0">0</subfield>
    <subfield code="1">0</subfield>
    <subfield code="2">ddc</subfield>
    <subfield code="4">0</subfield>
    <subfield code="7">0</subfield>
    <subfield code="8">FOTOGRAFIA</subfield>
    <subfield code="a">RABASF</subfield>
    <subfield code="b">RABASF</subfield>
    <subfield code="c">DP2</subfield>
    <subfield code="d">2026-04-16</subfield>
    <subfield code="l">0</subfield>
    <subfield code="o">Fot-653</subfield>
    <subfield code="p">1096924</subfield>
    <subfield code="r">2026-04-16 11:30:31</subfield>
    <subfield code="w">2026-04-16</subfield>
    <subfield code="y">FOTOGRAF&#xCD;A</subfield>
  </datafield>
  <datafield tag="999" ind1=" " ind2=" ">
    <subfield code="c">85810</subfield>
    <subfield code="d">85810</subfield>
  </datafield>
</record>
